[Event "FRA-ch U20 Girls"]
[Site "Gonfreville"]
[Date "2016.04.13"]
[Round "4"]
[White "Rouzes, Sibylle Anne"]
[Black "Lerond, Anne Claire"]
[Result "1-0"]
[WhiteElo "1602"]
[BlackElo "1564"]
[PlyCount "123"]
[EventDate "2016.04.10"]
[EventType "swiss"]
[EventRounds "9"]
[EventCountry "FRA"]
[SourceTitle "CBM 171 Extra"]
[Source "ChessBase"]
[SourceDate "2016.04.26"]
[SourceVersion "1"]
[SourceVersionDate "2016.04.26"]
[SourceQuality "1"]

1. e4 e5 2. Nf3 Nc6 3. Bb5 Nge7 4. d4 exd4 5. Nxd4 Nxd4 6. Qxd4 Nc6 7. Bxc6 bxc6 8. 0-0 f6 9. Re1 Be7 10. Qc4 d6 11. Qxc6+ Bd7 12. Qc4 Qc8 13. Nc3 Be6 14. Nd5 Bd8 15. Qc3 0-0 16. Nf4 Bf7 17. Be3 Re8 18. f3 Qb7 19. Rab1 Bxa2 20. Ra1 Bf7 21. b3 c6 22. Qd3 d5 23. exd5 cxd5 24. Red1 Qc6 25. Kh1 g5 26. Nh3 Bb6 27. Bxb6 axb6 28. Rxa8 Rxa8 29. c3 Rc8 30. Rc1 b5 31. Qd4 Ra8 32. Nf2 Ra3 33. Rb1 Bg6 34. Nd3 Bxd3 35. Qxd3 Ra2 36. h3 Qc5 37. Rd1 Rb2 38. b4 Qf2 39. Qxd5+ Kg7 40. Qd7+ Kg6 41. Qe8+ Kh6 42. Qf8+ Kg6 43. Qe8+ Kh6 44. Rg1 g4 45. Qf8+ Kg6 46. Qg8+ Kh6 47. Qxg4 Qe2 48. Qf4+ Kg6 49. Qe4+ Qxe4 50. fxe4 Rc2 51. Rf1 Rxc3 52. Rf5 Rc4 53. Rxb5 Rxe4 54. Rb8 Re1+ 55. Kh2 Rb1 56. b5 Kf5 57. b6 h5 58. b7 Rb2 59. Kg3 Rb3+ 60. Kh4 Rb4+ 61. Kxh5 Rb2 62. g4+ 1-0

[Event "FRA-ch U20 Girls"]
[Site "Gonfreville"]
[Date "2016.04.11"]
[Round "2"]
[White "Lerond, Anne Claire"]
[Black "Fischer, Julie"]
[Result "0-1"]
[WhiteElo "1564"]
[BlackElo "2043"]
[PlyCount "96"]
[EventDate "2016.04.10"]
[EventType "swiss"]
[EventRounds "9"]
[EventCountry "FRA"]
[SourceTitle "CBM 171 Extra"]
[Source "ChessBase"]
[SourceDate "2016.04.26"]
[SourceVersion "1"]
[SourceVersionDate "2016.04.26"]
[SourceQuality "1"]

1. d4 Nf6 2. c4 e6 3. Nc3 Bb4 4. a3 Bxc3+ 5. bxc3 c5 6. Nf3 Qa5 7. Bd2 Ne4 8. e3 b6 9. Bd3 Bb7 10. Qc2 f5 11. 0-0 0-0 12. Rfd1 Bc6 13. a4 Bb7 14. Ne1 d6 15. f3 Nxd2 16. Rxd2 Bc8 17. e4 Qa6 18. d5 g6 19. dxe6 Bxe6 20. exf5 Bxf5 21. Bxf5 gxf5 22. Rxd6 Qxc4 23. Rad1 Na6 24. R6d5 Nc7 25. Rxf5 Ne6 26. Rd7 Qh4 27. Rxf8+ Nxf8 28. Rd1 Re8 29. Qd2 Qxa4 30. Qd5+ Ne6 31. Qd7 Qxd7 32. Rxd7 a5 33. Rd6 b5 34. Rb6 b4 35. cxb4 cxb4 36. Rb5 Nc7 37. Rg5+ Kf7 38. Nc2 b3 39. Na3 a4 40. Ra5 Ra8 41. Rxa8 Nxa8 42. Kf2 Ke6 43. Ke3 Kd5 44. f4 Nb6 45. Kd3 Kc5 46. f5 Kb4 47. Nb1 a3 48. f6 a2 0-1